All Apex Legends Weapons - Statistics

General Stats
  • This quiz has been taken 25 times
  • The average score is 24 of 30
Answer Stats
Answer % Correct
Mastiff Shotgun
90%
Mozambique Shotgun
90%
P2020
90%
Peacekeeper
90%
R-301 Carbine
90%
R-99 SMG
90%
RE-45 Auto
90%
Sentinel
90%
VK-47 Flatline
90%
Alternator SMG
85%
Devotion LMG
85%
Eva-8 Auto
85%
Hemlok Burst AR
85%
M600 Spitfire
85%
Bocek Compound Bow
80%
G7 Scout
80%
Longbow DMR
80%
Nemesis Burst AR
80%
Triple Take
80%
Volt SMG
80%
Wingman
80%
C.A.R. SMG
75%
C.A.R. SMG
75%
Charge Rifle
75%
Kraber .50-Cal Sniper
70%
Prowler Burst PDW
70%
30-30 Repeater
65%
Havoc Rifle
65%
Rampage LMG
65%
L-STAR EMG
60%
No matching quizzes found
Score Distribution
Percent of People with Each Score
Percentile by Number Answered
Your Score History
You have not taken this quiz